| 000 | 01415nam a2200217Ia 4500 | ||
|---|---|---|---|
| 003 | Ost | ||
| 005 | 20260416102359.0 | ||
| 008 | 260416s9999||||xx |||||||||||||| ||und|| | ||
| 040 | _cfsecg | ||
| 041 | _aara | ||
| 082 | _a657.46 | ||
| 100 |
_aبوغزالة محمد، نجلاء _eمؤلف |
||
| 245 | 0 |
_aدروس وتمارين في مقياس التحليل المالي : _bمطبوعة علمية مقدمة لطلبة السنة الثالثة ليسانس (ل م د) جميع التخصصات / _c نجلاء بوغزالة محمد |
|
| 260 |
_aالجزائر _bجامعة الجزائر3: كلية العلوم الإقتصادية، العلوم التجارية وعلوم التسيير _c2022 |
||
| 300 |
_a101 ورقة _bايضاحات _c30 سم |
||
| 504 | _aالمراجع ص.101 | ||
| 520 | _aلميزانية المالية، التحليل المالي عن طريق مؤشرات التوازن المالي، الأرصدة الوسيطية للتسيير، المردودية وعتبة المردودية، جدول التمويل، جدول تدفقات الخزينة، تمارين حول الميزانية ومؤشرات التوازن المالي. | ||
| 653 | _aالمحاسبة التحليلية | ||
| 710 |
_aجامعة الجزائر3: كلية العلوم الإقتصادية، العلوم التجارية وعلوم التسيير _eناشر علمي |
||
| 942 | _cHANDOUT | ||
| 999 |
_c41359 _d41359 |
||